00452nam a2200121Ia 4500008004100000245014000041260004500181260000900226300000900235500001000244650001300254856006300267170516s9999 xx 000 0 und d aPreparation of CaP/pDNA nanoparticles by reverse micro-emulsion method: Optimization of formulation variables using experimental design bAsian Journal of Pharmaceutical Sciences c2017 a12:2 aMarch xPharmacy uhttp://www.sciencedirect.com/science/journal/18180876/12/2